Silové rezorty vyhrávajú boj o vlastný dôchodkový systém
Špecifiká zvýhodňujúce zamestnancov silových rezortov - vojaci, policajti, väzenskí dozorcovia. Motivácie získať pracovníkov do týchto rezortov. Spory o daňové zvýhodnenie týchto pracovníkov. Silové zložky majú osobitný dôchodkový systém (nezdanené dôchodky). Osobitné podmienky penzijného systému si...
Saved in:
| Main Author: | |
|---|---|
| Other Authors: | |
| Format: | Book Chapter |
| Language: | Slovak |
| Subjects: | |
| Tags: |
No Tags, Be the first to tag this record!
|
MARC
| LEADER | 00000naa a2200000 4500 | ||
|---|---|---|---|
| 001 | r049447 | ||
| 005 | 20230921115111.3 | ||
| 041 | 0 | |a slo | |
| 044 | |a SK | ||
| 245 | 1 | 0 | |a Silové rezorty vyhrávajú boj o vlastný dôchodkový systém |c Miro Sedlák, Ján Záborský |
| 520 | |a Špecifiká zvýhodňujúce zamestnancov silových rezortov - vojaci, policajti, väzenskí dozorcovia. Motivácie získať pracovníkov do týchto rezortov. Spory o daňové zvýhodnenie týchto pracovníkov. Silové zložky majú osobitný dôchodkový systém (nezdanené dôchodky). Osobitné podmienky penzijného systému silových rezortov. | ||
| 610 | 2 | 0 | |a armáda |
| 610 | 2 | 0 | |a polícia |
| 610 | 2 | 0 | |a zvýhodnenie daňové |
| 610 | 2 | 0 | |a dôchodky |
| 610 | 2 | 0 | |a mzdy |
| 610 | 2 | 0 | |a dotácie štátne |
| 100 | 1 | |a Sedlák, Miro | |
| 700 | 1 | |a Záborský, Ján | |